Techniques of Teaching and Teaching Practice (Record no. 11490)

MARC details
000 -LEADER
fixed length control field 00487nam a22001817a 4500
005 - DATE AND TIME OF LATEST TRANSACTION
control field 20230128111744.0
008 - FIXED-LENGTH DATA ELEMENTS--GENERAL INFORMATION
fixed length control field 230128b ||||| |||| 00| 0 eng d
020 ## - INTERNATIONAL STANDARD BOOK NUMBER
International Standard Book Number 9788195048052
040 ## - CATALOGING SOURCE
Original cataloging agency IN-DiNC
Transcribing agency IN-DiNC
041 ## - LANGUAGE CODE
Language code of sung or spoken text English
082 ## - DEWEY DECIMAL CLASSIFICATION NUMBER
Classification number 371.3
Item number CHA
100 ## - MAIN ENTRY--PERSONAL NAME
Personal name Changmai, Jogesh
Relator term Author
245 ## - TITLE STATEMENT
Title Techniques of Teaching and Teaching Practice
Statement of responsibility, etc. By Jogesh Changmai
250 ## - EDITION STATEMENT
Edition statement 1st ed,
260 ## - PUBLICATION, DISTRIBUTION, ETC.
Place of publication, distribution, etc. Jorhat:
Name of publisher, distributor, etc. Unika Prakashan,
Date of publication, distribution, etc. 2021
300 ## - PHYSICAL DESCRIPTION
Extent 242p.
942 ## - ADDED ENTRY ELEMENTS (KOHA)
Source of classification or shelving scheme Dewey Decimal Classification
Koha item type Books
Holdings
Withdrawn status Lost status Source of classification or shelving scheme Damaged status Not for loan Collection code Home library Current library Shelving location Date acquired Cost, normal purchase price Total Checkouts Full call number Barcode Date last seen Copy number Price effective from Koha item type
    Dewey Decimal Classification     Education Central Library, Naharkatiya College Central Library, Naharkatiya College General Stacks 28/01/2023 220.00   371.3 CHA 29194 28/01/2023 1 28/01/2023 Books
    Dewey Decimal Classification     Education Central Library, Naharkatiya College Central Library, Naharkatiya College General Stacks 28/01/2023 220.00   371.3 CHA 29195 28/01/2023 2 28/01/2023 Books
    Dewey Decimal Classification     Education Central Library, Naharkatiya College Central Library, Naharkatiya College General Stacks 28/01/2023 220.00   371.3 CHA 29196 28/01/2023 3 28/01/2023 Books
    Dewey Decimal Classification     Education Central Library, Naharkatiya College Central Library, Naharkatiya College General Stacks 13/09/2025 250.00   371.3 CHA 30896 13/09/2025 4 13/09/2025 Books
    Dewey Decimal Classification     Education Central Library, Naharkatiya College Central Library, Naharkatiya College General Stacks 13/09/2025 250.00   371.3 CHA 30897 13/09/2025 5 13/09/2025 Books
    Dewey Decimal Classification     Education Central Library, Naharkatiya College Central Library, Naharkatiya College General Stacks 13/09/2025 250.00   371.3 CHA 30898 13/09/2025 6 13/09/2025 Books

Naharkatiya College © 2020. All rights reserved.

Powered By